| 000 | 01153nam0a22003251 4500 | ||
|---|---|---|---|
| 001 | RU\NLR\A1SV\51708 | ||
| 005 | 20251203171251.9 | ||
| 035 | _a(NLR Aleph) 009733695 | ||
| 090 |
_a9918831 _c9918831 |
||
| 100 | _a20040623d1923 u y0rusy50 ca | ||
| 101 | 0 | _arus | |
| 102 | _aRU | ||
| 200 | 1 |
_aМеннониты Кеппентальского района Области немцев Поволжья в бытовом и хозяйственном отношении _eИсслед. и материалы _fВ.Е.Зюрюкин, преп. Сарат. ин-та нар. хоз. |
|
| 210 |
_aПокровск _cЖурн. "Унзере виртшафт" _d1923 |
||
| 215 |
_a212, [2] с., 28 л. ил., табл., диагр. _cтабл. _d25 см |
||
| 620 | _dЭнгельс | ||
| 700 | 1 |
_aЗюрюкин _bВ. Е. _f1872- _gВасилий Ефимович |
|
| 801 | 0 |
_aRU _bNLR _c20040623 |
|
| 852 |
_aNLR _j5/70 |
||
| 852 |
_aNLR _j5/70а |
||
| 899 | _aГПИБ | ||
| 899 | _aРКП | ||
| 899 | _aРГБ | ||
| 899 | _aБАН | ||
| 899 | _aЗНБ СГУ | ||
| 899 | _aНБ Бел. | ||
| 942 | _cBOOK | ||
| 980 | _aNB | ||
| 980 | _aA1SV | ||